<?xml version="1.0" encoding="UTF-8"?>
<record
    xmlns:xsi="http://www.w3.org/2001/XMLSchema-instance"
    xsi:schemaLocation="http://www.loc.gov/MARC21/slim http://www.loc.gov/standards/marcxml/schema/MARC21slim.xsd"
    xmlns="http://www.loc.gov/MARC21/slim">

  <leader>04416nam a22003854a 4500</leader>
  <controlfield tag="001">ebr10286060</controlfield>
  <controlfield tag="003">CaPaEBR</controlfield>
  <controlfield tag="006">m        u        </controlfield>
  <controlfield tag="007">cr cn|||||||||</controlfield>
  <controlfield tag="008">081103s2008    gau     sb    100 0 eng  </controlfield>
  <datafield tag="010" ind1=" " ind2=" ">
    <subfield code="z">  2008043280</subfield>
  </datafield>
  <datafield tag="020" ind1=" " ind2=" ">
    <subfield code="z">9781589833951 (paper binding : alk. paper)</subfield>
  </datafield>
  <datafield tag="020" ind1=" " ind2=" ">
    <subfield code="z">1589833953 (paper binding : alk. paper)</subfield>
  </datafield>
  <datafield tag="040" ind1=" " ind2=" ">
    <subfield code="a">CaPaEBR</subfield>
    <subfield code="c">CaPaEBR</subfield>
  </datafield>
  <datafield tag="035" ind1=" " ind2=" ">
    <subfield code="a">(OCoLC)646808660</subfield>
  </datafield>
  <datafield tag="041" ind1="0" ind2=" ">
    <subfield code="a">eng</subfield>
    <subfield code="a">fre</subfield>
    <subfield code="a">ger</subfield>
    <subfield code="a">grc</subfield>
    <subfield code="a">heb</subfield>
  </datafield>
  <datafield tag="050" ind1="1" ind2="4">
    <subfield code="a">BS744</subfield>
    <subfield code="b">.I58 2007beb</subfield>
  </datafield>
  <datafield tag="082" ind1="0" ind2="4">
    <subfield code="a">221.4/8</subfield>
    <subfield code="2">22</subfield>
  </datafield>
  <datafield tag="110" ind1="2" ind2=" ">
    <subfield code="a">International Organization for Septuagint and Cognate Studies.</subfield>
    <subfield code="b">Congress</subfield>
    <subfield code="n">(13th :</subfield>
    <subfield code="d">2007 :</subfield>
    <subfield code="c">Ljubljana, Slovenia)</subfield>
  </datafield>
  <datafield tag="245" ind1="1" ind2="0">
    <subfield code="a">XIII Congress of the International Organization for Septuagint and Cognate Studies, Ljubljana, 2007</subfield>
    <subfield code="h">[electronic resource] /</subfield>
    <subfield code="c">edited by Melvin K.H. Peters.</subfield>
  </datafield>
  <datafield tag="246" ind1="3" ind2=" ">
    <subfield code="a">13th Congress of the International Organization for Septuagint and Cognate Studies, Ljubljana, 2007</subfield>
  </datafield>
  <datafield tag="246" ind1="3" ind2=" ">
    <subfield code="a">Thirteenth Congress of the International Organization for Septuagint and Cognate Studies, Ljubljana, 2007</subfield>
  </datafield>
  <datafield tag="260" ind1=" " ind2=" ">
    <subfield code="a">Atlanta, Ga :</subfield>
    <subfield code="b">Society of Biblical Literature,</subfield>
    <subfield code="c">c2008.</subfield>
  </datafield>
  <datafield tag="300" ind1=" " ind2=" ">
    <subfield code="a">xi, 365 p.</subfield>
  </datafield>
  <datafield tag="490" ind1="1" ind2=" ">
    <subfield code="a">Society of Biblical Literature. Septuagint and cognate studies ;</subfield>
    <subfield code="v">no. 55</subfield>
  </datafield>
  <datafield tag="504" ind1=" " ind2=" ">
    <subfield code="a">Includes bibliographical references.</subfield>
  </datafield>
  <datafield tag="505" ind1="0" ind2="0">
    <subfield code="t">La composition de J&#xFFFD;er&#xFFFD;emie LXX d'apr&#xFFFD;es les divisions du Codex Vaticanus (B) /</subfield>
    <subfield code="r">Christian Amphoux et Arnaud S&#xFFFD;erandour --</subfield>
    <subfield code="t">Cantique 2,17 dans l'&#xFFFD;Epitom&#xFFFD;e de Procope /</subfield>
    <subfield code="r">Jean-Marie Auwers --</subfield>
    <subfield code="t">The Greek Bible among Jews and Christians in the Middle Ages : the evidence of Codex Ambrosianus /</subfield>
    <subfield code="r">Cameron Boyd-Taylor --</subfield>
    <subfield code="t">New Hexaplaric data for the Book of Canticles as discovered in the Catenae /</subfield>
    <subfield code="r">Reinhart Ceulemans --</subfield>
    <subfield code="t">The theology of Job as revealed in his replies to his friends in the Septuagint translation /</subfield>
    <subfield code="r">Mario Cimosa and Gillian Bonney --</subfield>
    <subfield code="t">Semantic considerations and the provenance of translated units /</subfield>
    <subfield code="r">Johann Cook --</subfield>
    <subfield code="t">Euripides und das Alte Testament zum &#xFFFD;uberlieferungsgeschichtlichen Horizont der Septuaginta /</subfield>
    <subfield code="r">Evangelia G. Dafni --</subfield>
    <subfield code="t">Translation equivalence in the prologue to Greek Ben Sirach /</subfield>
    <subfield code="r">Dries de Crom --</subfield>
    <subfield code="t">Jewish transmission of Greek Bible versions /</subfield>
    <subfield code="r">Nicholas de Lange --</subfield>
    <subfield code="t">Quelques cas de disparition du th&#xFFFD;eme de l'eau dans la LXX /</subfield>
    <subfield code="r">C&#xFFFD;ecile Dogniez --</subfield>
    <subfield code="t">Special problems in the Septuagint text history of Ecclesiastes /</subfield>
    <subfield code="r">Peter J. Gentry --</subfield>
    <subfield code="t">Theodoret of Cyrus's philological remarks in his Commentary to Ezekiel /</subfield>
    <subfield code="r">Katrin Hauspie --</subfield>
    <subfield code="t">Septuagint textual criticism and the computer : 4 Maccabees as a test case /</subfield>
    <subfield code="r">Robert J.V. Hiebert and Nathaniel N. Dykstra --</subfield>
    <subfield code="t">The Jerusalem Temple seen in 2 Samuel according to the Masoretic text and the Septuagint /</subfield>
    <subfield code="r">Philippe Hugo --</subfield>
    <subfield code="t">The impact of the Septuagint Pentateuch on the Greek Psalms /</subfield>
    <subfield code="r">Jan Joosten --</subfield>
    <subfield code="t">Textvarianten in den Daniel-Legenden als Zeugnisse m&#xFFFD;undlicher Tradierung? /</subfield>
    <subfield code="r">Edgar Kellenberger --</subfield>
    <subfield code="t">Servant or slave? : the various equivalents of Hebrew &#xFFFD;ebed in the Septuagint of the Pentateuch /</subfield>
    <subfield code="r">Arie van der Kooij --</subfield>
    <subfield code="t">Towards the Old Greek : new criteria for the analysis of the recensions of the Septuagint (especially the Antiochene/Lucianic text and kaige recension) /</subfield>
    <subfield code="r">Siegfried Kreuzer --</subfield>
    <subfield code="t">The Constantinople Pentateuch within the context of Septuagint studies /</subfield>
    <subfield code="r">Julia G. Krivoruchko --</subfield>
    <subfield code="t">The translation of Symmachus in 1 Kings (3 Kingdoms) /</subfield>
    <subfield code="r">Timothy M. Law --</subfield>
    <subfield code="t">Recension and revision : speaking the same language with special attention to Lucian and Kaige /</subfield>
    <subfield code="r">R. Timothy McLay --</subfield>
    <subfield code="t">Bridge over troubled waters? : the [gephyra] in the Old Greek of Isaiah 37:25 and contemporary Greek sources /</subfield>
    <subfield code="r">Micha&#xFFFD;el N. van der Meer --</subfield>
    <subfield code="t">Dionysus and the Letter of Aristeas /</subfield>
    <subfield code="r">James M. Scott --</subfield>
    <subfield code="t">Translation technique and translation studies : the problem of translation universals /</subfield>
    <subfield code="r">Raija Sollamo --</subfield>
    <subfield code="t">Translating the Greek text of Jeremiah /</subfield>
    <subfield code="r">Georg Walser.</subfield>
  </datafield>
  <datafield tag="533" ind1=" " ind2=" ">
    <subfield code="a">Electronic reproduction.</subfield>
    <subfield code="b">Palo Alto, Calif. :</subfield>
    <subfield code="c">ebrary,</subfield>
    <subfield code="d">2013.</subfield>
    <subfield code="n">Available via World Wide Web.</subfield>
    <subfield code="n">Access may be limited to ebrary affiliated libraries.</subfield>
  </datafield>
  <datafield tag="630" ind1="0" ind2="0">
    <subfield code="a">Bible.</subfield>
    <subfield code="p">O.T.</subfield>
    <subfield code="l">Greek</subfield>
    <subfield code="x">Versions</subfield>
    <subfield code="x">Septuagint</subfield>
    <subfield code="v">Congresses.</subfield>
  </datafield>
  <datafield tag="655" ind1=" " ind2="7">
    <subfield code="a">Electronic books.</subfield>
    <subfield code="2">local</subfield>
  </datafield>
  <datafield tag="700" ind1="1" ind2=" ">
    <subfield code="a">Peters, Melvin K. H.</subfield>
  </datafield>
  <datafield tag="710" ind1="2" ind2=" ">
    <subfield code="a">ebrary, Inc.</subfield>
  </datafield>
  <datafield tag="830" ind1=" " ind2="0">
    <subfield code="a">Septuagint and cognate studies series ;</subfield>
    <subfield code="v">no. 55.</subfield>
  </datafield>
  <datafield tag="856" ind1="4" ind2="0">
    <subfield code="u">http://site.ebrary.com/lib/rucke/Doc?id=10286060</subfield>
    <subfield code="z">An electronic book accessible through the World Wide Web; click to view</subfield>
  </datafield>
  <datafield tag="999" ind1=" " ind2=" ">
    <subfield code="c">2043</subfield>
    <subfield code="d">2043</subfield>
  </datafield>
</record>
